NYC on TV Quiz Stats

 Plays Quiz Updated Mar 27, 2018

Challenge
Share
Tweet
Embed
Score 0/34 Timer 04:00
3 Plays Today
% Correct
Sex and the City
96.5%
Friends
96.1%
Seinfeld
94.1%
30 Rock
91.7%
How I Met Your Mother
91.4%
2 Broke Girls
89.2%
Taxi
87.6%
Don't Trust the B---- in Apartment 23
87.5%
The Apprentice
86.8%
Mad About You
83.6%
Mad Men
83.2%
Fame
79.1%
The Odd Couple
77.9%
Ugly Betty
77.8%
The Jeffersons
77.3%
Just Shoot Me!
76.8%
Night Court
74.2%
% Correct
Girls
71.9%
Suits
71.5%
All in the Family
71.1%
The Honeymooners
70.9%
Diff'rent Strokes
69.9%
Elementary
69.8%
White Collar
69.4%
Castle
69.2%
Person of Interest
68.4%
The Cosby Show
68%
Welcome Back, Kotter
66%
Sports Night
60.8%
What I Like About You
60.4%
Felicity
59.1%
Rhoda
57.7%
Nurse Jackie
57.5%
Smash
56.7%

You're not logged in!

Compare scores with friends on all Sporcle quizzes.
Join for Free
OR
Log In

You Might Also Like...

Show Comments

Extras

Top Quizzes Today


Score Distribution

Your Account Isn't Verified!

In order to create a playlist on Sporcle, you need to verify the email address you used during registration. Go to your Sporcle Settings to finish the process.

Report this User

Report this user for behavior that violates our Community Guidelines.

Details: